Vocabulaire English 3 - Statistiques

Statistiques générales
  • Ce quiz a été pris 38 fois
  • Le résultat moyen est 3 sur 20
Statistiques - réponses
Hint Réponse % Correct
les droits civiques the Civil Rights
80%
un terrain d’entente a common ground
32%
la haine racial racial hatred
24%
sensibiliser, faire prendre conscience to raise awareness
16%
enraciné, incrusté embedded
12%
se battre pour to stand up for
12%
une reussite an achievement
8%
engagé dans committed to
8%
defendre to advocate
8%
passer à tabac to beat up
8%
brutaliser to molest
8%
avoir droit aux mêmes chances be entitled to equal opportunities
4%
être méprisé, etre regarder d’en haut be looked down on
4%
préjugé profondément enraciné, bien ancrés deep-rooted prejudice
4%
sur un pied d’egalité equal treatment, on a equal footing
4%
prendre la parole, dénoncer speak up, speak out against
4%
revendiquer, faire valoir ses droits to assert one’s rights
4%
rabaisser, humilier to demean, humiliate
4%
mépriser, dédaigner to despise, scorn
4%
harceler, persécuter to harass, persecute
4%
Aucun quiz correspondant
Distribution des résultats
% des personnes avec chaque résultat
Percentile par nombre de réponses
Votre historique - résultats
Vous n’avez pas pris ce quiz